000 00859nam a22002417a 4500
999 _c17621
_d17621
003 AR-CdUCM
008 190509b ||||| |||| 00| 0 spa d
040 _aMUNICIPALIDAD PROVINCIAL DEL CUSCO
_cBIBLIOTECA MUNICIPAL DEL CUSCO
082 _a848.8 /
_bV53
100 _aVerne, Jules
_912072
245 _aMiguel Strogoff /
260 _aBarcelona :
_bMolino,
_c1954.
300 _a220 paginas ;
_bIlustraciones,
_c20 cm.
500 _aTitulo original : Miguel Strogoff
505 _aContenido : Una fiesta en el palacio nuevo -- Rusos y tartaros -- De Moscú a Nijni-Novgorod -- Un decreto en dos artículos...
650 _aNovela
_9572
650 _aNovela de aventuras
_936548
650 _aNovela Europea
_937749
650 _aNovela Francesa
_910657
700 _aM., E. (Traducción)
_937750
942 _2ddc
_cLIBROS
945 _awnts
_d2019-05-09